000 00611nam a2200229Ia 4500
003 OSt
005 20221007072922.0
006 a|||||r|||| 00| 0
007 ta
008 221006b |||||||| |||| 00| 0 eng d
024 _a12,547
037 _cTextual
040 _aFLL
_cFLL
_beng
041 _2eng
_aeng
082 _aV231:27:L2, E0
100 _aMalabari P.B.M. Au.
_9691635
245 0 _aBombay in the making
260 _aLondon
_bT.Fisher Unwin London
_c1910
300 _a507p
_ccm.
942 _hV231:27:L2, E0
_cTEXL
_2CC
999 _c1147288
_d1147288